|
|
|
|
| LEADER |
01044nam a2200229 a 4500 |
| 001 |
1637315 |
| 008 |
101109r19981997maua b 001 0 eng d |
| 010 |
|
|
|a 96049664
|
| 020 |
|
|
|a 0534939724
|
| 040 |
|
|
|a DLC
|c DLC
|d DLC
|d BD-DhAAL
|
| 082 |
0 |
0 |
|a 005.4/53
|2 21
|
| 100 |
1 |
|
|a Louden, Kenneth C.
|
| 245 |
1 |
0 |
|a Compiler construction :
|b principles and practice /
|c Kenneth C. Louden.
|
| 260 |
|
|
|a Boston :
|b PWS Pub. Co. ;
|a New Delhi :
|b Galgotia Publications,
|c c1997 [Reprinted 1998]
|
| 300 |
|
|
|a x, 582 p. :
|b ill. ;
|c 24 cm.
|
| 504 |
|
|
|a Includes bibliographical references (p.558-561) and index.
|
| 541 |
|
|
|e 00010981
|
| 650 |
|
0 |
|a Compilers (Computer programs)
|
| 852 |
4 |
|
|a Ayesha Abed Library
|j General shelf
|
| 999 |
|
|
|c 10056
|d 10056
|
| 952 |
|
|
|0 0
|1 0
|2 ddc
|4 1
|6 005_400000000000000_53_LOU_1997
|7 0
|9 13231
|a BRACUL
|b BRACUL
|c SPS
|d 2010-11-10
|l 0
|o 005.453 LOU
|p 3010010981
|r 2010-11-10
|t 1
|w 2010-11-10
|y BK
|
| 952 |
|
|
|0 0
|1 0
|2 ddc
|4 1
|6 005_400000000000000_53_LOU_1997
|7 0
|9 13232
|a BRACUL
|b BRACUL
|c SPS
|d 2010-11-10
|l 0
|o 005.453 LOU
|p 3010010980
|r 2010-11-10
|t 2
|w 2010-11-10
|y BK
|